Méjico contemporáneo / (Record no. 162567)

MARC details
000 -LEADER
campo de control de longitud fija 00782nam a22002055i 4500
001 - NÚMERO DE CONTROL
campo de control 162567
003 - IDENTIFICADOR DE NÚMERO DE CONTROL
campo de control ES-MaACL
005 - FECHA Y HORA DE LA ÚLTIMA TRANSACCIÓN
campo de control 20250717140811.0
008 - DATOS DE LONGITUD FIJA--INFORMACIÓN GENERAL
campo de control de longitud fija 990916s1889 sp |||| | spa d
040 ## - FUENTE DE CATALOGACIÓN
Centro catalogador/agencia de origen CAM
Lengua de catalogación spa
Centro/agencia transcriptor CAM
100 1# - ENTRADA PRINCIPAL--NOMBRE DE PERSONA
Nombre de persona Prida y Arteaga, Francisco de.
9 (RLIN) 131366
245 10 - MENCIÓN DEL TÍTULO
Título Méjico contemporáneo /
Mención de responsabilidad, etc. por Francisco de Prida y Arteaga y Rafael Pérez Vento ; obra ilustrada con mas de 100 fotograbados de Laporta.
260 ## - PUBLICACIÓN, DISTRIBUCIÓN, ETC.
Lugar de publicación, distribución, etc. Madrid :
Nombre del editor, distribuidor, etc. [s.n.],
Fecha de publicación, distribución, etc. 1889 (
Fabricante Establecimiento tipográfico de Fortanet)
300 ## - DESCRIPCIÓN FÍSICA
Extensión XXI, 399 p. :
Otras características físicas il. ;
Dimensiones 21 cm.
651 #4 - PUNTO DE ACCESO ADICIONAL DE MATERIA--NOMBRE GEOGRÁFICO
Nombre geográfico México-
Subdivisión general Descripción.
9 (RLIN) 9061
700 1# - ENTRADA AGREGADA--NOMBRE PERSONAL
Nombre de persona Pérez Vento, Rafael.
9 (RLIN) 131478
700 1# - ENTRADA AGREGADA--NOMBRE PERSONAL
Nombre de persona Laporta, Francisco,
Fechas asociadas al nombre 1850-1914
9 (RLIN) 152865
852 ## - LOCALIZACIÓN
Ubicación ES-MaACL
Número de control de estantería G-11472
Nota libre -- Enc. piel
Holdings
Estatus retirado Estado de pérdida Estado de daño No para préstamo Colección Biblioteca de origen Biblioteca actual Ubicación en estantería Fecha de adquisición Fuente de adquisición Total de préstamos Signatura topográfica completa Código de barras Visto por última vez Precio de reemplazo Tipo de ítem Koha
        Libros del s. XIX Biblioteca del Ateneo de Madrid Biblioteca del Ateneo de Madrid Sala Pecera Planta 3 17/01/2008     G-11472 1170309 23/02/2023 23/02/2023 Libro impreso antiguo